000 00735nam a2200181 4500
999 _c6539
_d6539
008 170401b xxu||||| |||| 00| 0 eng d
022 _a0022-3514
082 _aDPer 155.205 J82 Feb-Apr 2016 v. 110, n. 2-4
100 _919752
_aPorat, Roni
245 _aWhat we want is what we get:
_bgroup-based emotional preferences and conflict resolution/
_cRoni Porat, Eran Halperin and Maya Tamir.
260 _aWashington DC:
_bAmerican Psychological Association,
_c©Feb-Apr 2016,
300 _av110 n2, pages 167-190;
_c11 cm.
500 _aJournal of personality and social psychology.
650 0 _919753
_aInterpersonal relations
700 _919754
_aHalperin, Eran
_eAuthor
700 _919755
_aTamir, Maya
942 _2ddc
_cPER